Capital to Country Click Quiz #6 - Statistics

General Stats
  • This quiz has been taken 132 times
  • The average score is 17 of 20
Answer Stats
Hint Answer % Correct
New Delhi India
99%
Luxembourg Luxembourg
99%
Damascus Syria
98%
Minsk Belarus
97%
Ankara Turkey
96%
Phnom Penh Cambodia
95%
Tirana Albania
93%
Quito Ecuador
93%
Belgrade Serbia
93%
Sri Jayawardenepura Kotte Sri Lanka
93%
Valetta Malta
92%
Dakar Senegal
85%
Luanda Angola
83%
Yaounde Cameroon
81%
Belmopan Belize
79%
Kingstown Saint Vincent and the Grenadines
76%
Monrovia Liberia
75%
Gaborone Botswana
72%
Moroni Comoros
69%
Majuro Marshall Islands
64%
No matching quizzes found
Score Distribution
Percent of People with Each Score
Percentile by Number Answered
Your Score History
You have not taken this quiz